Sanat - "Valssi" - Pehmoaino - Statistics

Yleistilastot
  • Tätä visaa on pelattu 118 kertaa
  • Keskiarvotulos 175 / 255
Vastaustilastot
Vastaus % Oikein
97%
ja
96%
ku
96%
96%
kun
92%
on
92%
ei
89%
me
89%
et
88%
jäät
88%
saan
88%
jokainen
86%
se
86%
pois
85%
sun
85%
mut
84%
mua
82%
saa
81%
tanssi
81%
sulta
80%
vastaan
80%
jonka
78%
lause
78%
Pyöritä
78%
taas
78%
liikkeeseen
77%
matkaan
77%
sana
77%
ain
76%
aina
76%
jatkuvaan
76%
luota
76%
parannusta
73%
vaan
73%
valssiin
72%
linnut
70%
niin
70%
tanssittaa
70%
voi
70%
askel
69%
jatkuu
69%
oo
69%
muuttaa
68%
viimeiseen
68%
horjahtaa
66%
etkä
65%
mee
65%
vuodet
65%
meit
64%
Oot
64%
oot
64%
ettet
62%
luotan
62%
noi
62%
otteeseen
62%
varmistusta
62%
ammu
61%
ikuisuus
61%
korjautuu
61%
toiselle
61%
lennä
59%
pitelet
59%
puolelta
59%
siinä
59%
vielä
59%
meissä
58%
pelottaa
58%
riitä
58%
sanot
58%
en
57%
tähtäät
57%
vaikka
57%
huutaa
55%
joku
55%
luokse
55%
mun
55%
noin
55%
seisot
55%
että
54%
ihan
54%
kaiken
54%
kunnes
54%
nähny
54%
solu
54%
aseita
53%
edessä
53%
käännät
53%
käsi
53%
mikä
53%
muualla
53%
takana
53%
paljon
51%
tarttuu
51%
helmasta
50%
huomaat
50%
luovuttaa
50%
saada
50%
saavu
50%
koittaa
49%
paljonko
49%
uudestaan
49%
saapuu
47%
viereen
47%
yrittää
47%
palaan
46%
valitaan
46%
haluu
45%
meihin
45%
salaa
45%
toisemme
45%
toista
45%
harhaanjohtaa
43%
jotka
43%
toiselt
43%
molempia
42%
pitäis
42%
puolii
42%
puhutaan
41%
totta
41%
jaksetaan
39%
soitto
39%
tarvitaan
39%
viimeinenkin
39%
itsestään
38%
myös
36%
niis
36%
salissa
36%
suostumusta
36%
voit
36%
elämä
35%
seistä
35%
tarvitsee
35%
taukoa
35%
vaihdetaan
35%
välillä
35%
vuoroja
35%
enää
34%
hengähtää
34%
hetkissä
34%
käsiin
32%
kannan
31%
koskettas
27%
laulu
26%
Kaadun
18%
kaipaamansa
8%
Ehtoja vastaavia visoja ei löytynyt
Tulosjakauma
Jokaisen tuloksen saaneiden osuus
Persentiili vastausten määrän mukaan
Tuloshistoriasi
Et ole pelannut tätä visaa